Education and political independence in Africa (Record no. 125291)
[ view plain ]
| 000 -LEADER | |
|---|---|
| fixed length control field | 00679cam a22002291 4500 |
| 001 - CONTROL NUMBER | |
| control field | 8915448 |
| 003 - CONTROL NUMBER IDENTIFIER | |
| control field | ARRUPE |
| 005 - DATE AND TIME OF LATEST TRANSACTION | |
| control field | 20160920122105.0 |
| 008 - FIXED-LENGTH DATA ELEMENTS--GENERAL INFORMATION | |
| fixed length control field | 720424s1962 xx 000 0 eng |
| 010 ## - LIBRARY OF CONGRESS CONTROL NUMBER | |
| LC control number | 63034706 |
| 035 ## - SYSTEM CONTROL NUMBER | |
| System control number | (OCoLC)292285 |
| 040 ## - CATALOGING SOURCE | |
| Original cataloging agency | DLC |
| Transcribing agency | OAU |
| Modifying agency | DLC |
| 042 ## - AUTHENTICATION CODE | |
| Authentication code | premarc |
| 050 00 - LIBRARY OF CONGRESS CALL NUMBER | |
| Classification number | LA1503.7 |
| Item number | .L48 |
| 300 ## - PHYSICAL DESCRIPTION | |
| Dimensions | 21 cm. |
| 100 1# - MAIN ENTRY--PERSONAL NAME | |
| Personal name | Lewis, Leonard John. |
| 9 (RLIN) | 25986 |
| 245 10 - TITLE STATEMENT | |
| Title | Education and political independence in Africa |
| Remainder of title | :and other essays. |
| Statement of responsibility, etc | /Leonard John Lewis |
| 260 ## - PUBLICATION, DISTRIBUTION, ETC. (IMPRINT) | |
| Place of publication, distribution, etc | Edinburgh, |
| Name of publisher, distributor, etc | Nelson, |
| Date of publication, distribution, etc | 1962. |
| 300 ## - PHYSICAL DESCRIPTION | |
| Extent | viii,128 p.; |
| 650 #0 - SUBJECT ADDED ENTRY--TOPICAL TERM | |
| Topical term or geographic name as entry element | Education |
| Geographic subdivision | Africa. |
| 9 (RLIN) | 9745 |
| 906 ## - LOCAL DATA ELEMENT F, LDF (RLIN) | |
| a | 7 |
| b | cbc |
| c | oclcrpl |
| d | u |
| e | ncip |
| f | 19 |
| g | y-gencatlg |
| 942 ## - ADDED ENTRY ELEMENTS (KOHA) | |
| Source of classification or shelving scheme | Library of Congress Classification |
| Koha item type | Monograph ( Printed materials) |
| Withdrawn status | Lost status | Source of classification or shelving scheme | Damaged status | Not for loan | Collection code | Home library | Current library | Shelving location | Date acquired | Total Checkouts | Full call number | Barcode | Date last seen | Date checked out | Price effective from | Koha item type |
|---|---|---|---|---|---|---|---|---|---|---|---|---|---|---|---|---|
| Library of Congress Classification | Main Collection | ARRUPE LIBRARY | ARRUPE LIBRARY | Main Collection | 20/09/2016 | 2 | LA1503.7 .L48 | 46500010205 | 20/09/2019 | 03/09/2019 | 20/09/2016 | Monograph ( Printed materials) |